| 000 | 00587nam a2200145 a 4500 | ||
|---|---|---|---|
| 008 | 120416s1967 ||||||||||||||||| || u | ||
| 050 | _aTK 9956 Cla | ||
| 100 | _aClarricoats, John | ||
| 245 | 1 | 0 | _aWorld at their fingertips |
| 246 | _athe story of amateur radio in the United Kingdom and a history of the radio society of Great Britain | ||
| 260 |
_aLondon _bRadio Society _c1967 |
||
| 300 | _aviii, 307p. : ill. | ||
| 350 | _a0.00 | ||
| 995 |
_D0.00 _FCBU-MAIN LIBRARY (Kitwe) _H1 _I3.00 _UAVAILABLE _ZAnnex Low-Usage Collection |
||
| 999 |
_c61980 _d61980 |
||